| 000 | 00797nam a2200277Ia 4500 | ||
|---|---|---|---|
| 001 | Para_2449 | ||
| 003 | CHAP | ||
| 008 | 220125s1987 xx 000 0 und d | ||
| 010 | _a200983 | ||
| 040 | _cCHAP | ||
| 082 | _aPA 632 N5 | ||
| 100 |
_aNishimura, Syoyo, ed. _9165834 |
||
| 245 |
_aMolecular determinants of plant diseases / _c ed. by Syoyo Nishimura, Carroll P. Vance and Noriyuki Doke |
||
| 260 |
_aTokyo : _b Japan Scientific Societes |
||
| 300 | _a293 p. | ||
| 650 |
_aFitopatología Biofísica _9165835 |
||
| 700 |
_aDoke, Noriyuki _933720 |
||
| 700 |
_aVance, Carroll P. _9117839 |
||
| 901 | _aPA 632 N5 | ||
| 902 | _aA | ||
| 905 | _a0000001987 TOKa 0000000000 00 | ||
| 910 | _a1987 | ||
| 942 | _cPARA | ||
| 942 |
_cPARA _d1 |
||
| 999 |
_c200983 _d200983 |
||